| 000 | 00765nam a22001937a 4500 | ||
|---|---|---|---|
| 999 |
_c100508 _d100508 |
||
| 005 | 20181205145549.0 | ||
| 010 | _aENG-115326 | ||
| 020 |
_a9789351438724 _c995.00 |
||
| 035 | _aEN-98858 | ||
| 037 | _bDBAD/PUB | ||
| 082 | _a346.54066 | ||
| 100 | _aParekh,Savithri | ||
| 245 |
_aHandbook on listing obligations and disclosure requirements : _ba ready reference for compliances under the SEBI (Listing Obligations and Disclosure requirements) Regulations, 2015 / _cby Savithri Parekh [and] Shailashri Bhaskar |
||
| 260 |
_aGurgaon _bLexisNexis _c2016 |
||
| 270 |
_a14th floor,Building N0-10,Tower-B,DLF Cyber City, Phase-II _bGurgaon _e122002 |
||
| 300 |
_a887p. _c24cm(pbk) |
||
| 700 | _aBhaskar,Shailashri | ||
| 942 |
_2ddc _cEN _mPAR _h346.54066 |
||